The economics of industrial organization

Сохранить в:
Библиографические подробности
Главный автор: Shepherd, William G.
Формат:
Язык:Undetermined
Опубликовано: Englewood Cliffs, N.J. Prentice Hall 1990
Предметы:
Метки: Добавить метку
Нет меток, Требуется 1-ая метка записи!
Thư viện lưu trữ: Trung tâm Học liệu Trường Đại học Cần Thơ
LEADER 00527nam a2200181Ia 4500
001 CTU_89146
008 210402s9999 xx 000 0 und d
082 |a 338.6 
082 |b S548 
100 |a Shepherd, William G. 
245 4 |a The economics of industrial organization 
245 0 |c William G. Shepherd 
260 |a Englewood Cliffs, N.J. 
260 |b Prentice Hall 
260 |c 1990 
650 |a Industrial organization (economic theory) 
904 |i Năm 
980 |a Trung tâm Học liệu Trường Đại học Cần Thơ